| 000 | 00418nam a22001217a 4500 | ||
|---|---|---|---|
| 082 | _a220 PRO | ||
| 100 |
_aGC SHMYL QADEER GC SYED AGHA ASAD ALI GC MUHAMMAD BANI ASIF NC SAIM NAVEED _970651 |
||
| 245 | _aPR-SOF-1843-Auto Tracking Remote Control Weapon System | ||
| 260 |
_aISLAMABAD _bNUST COLLEGE OF EME _c2019 |
||
| 650 |
_a DE-COMP-37 _970652 |
||
| 700 |
_a SUPERVISOR BRIG. DR. MUHAMMAD ABBAS _970653 |
||
| 942 | _cCR | ||
| 999 |
_c577584 _d577584 |
||